01147na a2200313 450000100060000000300080000600500170001400800410003102000150007204000250008708200250011209000240013710000190016124501450018026000600032530000190038550000890040450400280049365000350052165000320055665000310058870000170061970000220063670000190065870000220067794200130069995201060071299900150081814485MIRAKIL20181213154910.0160829b tu 000 0  a9757741027 aMilasbturcTR-AnCHP aDAN 403.1bP26a 2010 aDAN 403.1 P26a 2010 aParker, Martin aAlternatifler sözlüğücMartin Parker, Valerie Fournier and Patrick Reedy ; İngilizceden çevirenler Bülent Doğan, Emine Ayhan aİstanbulbNTV Yayınlarıc2010fCumhuriyet Matbaası a328 s.c24 sm. aÖzgün yapıt adı : The dictionary of alternatives : utopianism and organisation aKaynakça ve dizin var aSosyal bilimlerxSözlükler aSosyal yapıxSözlükler aÜtopyalarxSözlükler aAyhan, Emine aDoğan, Bülent aReedy, Patrick aFournier, Valerie 2ddccBKS a0001b0001d2016-08-29e2l0oDAN 403.1 P26a 2010p002478r2016-08-29 00:00:00v0.00w2016-08-29yBKS c2830d2830